<?xml version="1.0" encoding="UTF-8"?>
<record
    xmlns:xsi="http://www.w3.org/2001/XMLSchema-instance"
    xsi:schemaLocation="http://www.loc.gov/MARC21/slim http://www.loc.gov/standards/marcxml/schema/MARC21slim.xsd"
    xmlns="http://www.loc.gov/MARC21/slim">

  <leader>00689nam a22001817a 4500</leader>
  <datafield tag="999" ind1=" " ind2=" ">
    <subfield code="c">4618</subfield>
    <subfield code="d">4618</subfield>
  </datafield>
  <controlfield tag="001">6259</controlfield>
  <controlfield tag="003">BD-DhUAP</controlfield>
  <controlfield tag="005">20201115151406.0</controlfield>
  <controlfield tag="008">201115s2001    bg  |||| |||| 000 0 ben d</controlfield>
  <datafield tag="040" ind1=" " ind2=" ">
    <subfield code="a">BD-DhUAP</subfield>
    <subfield code="b">Ben</subfield>
    <subfield code="c">BD-DhUAP</subfield>
    <subfield code="d">BD-DhUAP</subfield>
  </datafield>
  <datafield tag="082" ind1=" " ind2=" ">
    <subfield code="2">23</subfield>
    <subfield code="a">149.97 EUS</subfield>
  </datafield>
  <datafield tag="100" ind1=" " ind2=" ">
    <subfield code="a">&#x987;&#x989;&#x9B8;&#x9C1;&#x9AB;&#x9C0;, &#x98F;&#x99C;&#x9BE;&#x99C;&#x964;</subfield>
  </datafield>
  <datafield tag="245" ind1=" " ind2=" ">
    <subfield code="a">&#x989;&#x9A4;&#x9CD;&#x9A4;&#x9B0; &#x986;&#x9A7;&#x9C1;&#x9A8;&#x9BF;&#x995;&#x9A4;&#x9BE; : </subfield>
    <subfield code="b">&#x9A8;&#x9A4;&#x9C1;&#x9A8; &#x985;&#x9A8;&#x9CD;&#x9AC;&#x9AF;&#x9BC;&#x9C7;&#x9B0; &#x9AA;&#x9B0;&#x9BF;&#x9AA;&#x9CD;&#x9B0;&#x9C7;&#x995;&#x9CD;&#x9B7;&#x9BF;&#x9A4;&#x9C7; / </subfield>
    <subfield code="c">&#x98F;&#x99C;&#x9BE;&#x99C; &#x987;&#x989;&#x9B8;&#x9C1;&#x9AB;&#x9C0;&#x964;</subfield>
  </datafield>
  <datafield tag="260" ind1=" " ind2=" ">
    <subfield code="a">&#x99A;&#x99F;&#x9CD;&#x99F;&#x997;&#x9CD;&#x9B0;&#x9BE;&#x9AE; :</subfield>
    <subfield code="b">&#x9B0;&#x9BE;&#x9B6;&#x9BE;,</subfield>
    <subfield code="c">&#x9E8;&#x9E6;&#x9E6;&#x9E7;&#x964;</subfield>
  </datafield>
  <datafield tag="300" ind1=" " ind2=" ">
    <subfield code="a">&#x9E7;&#x9EB;&#x9E6; &#x9AA;&#x9C3;&#x9B7;&#x9CD;&#x9A0;&#x9BE; ;</subfield>
    <subfield code="c">&#x9E8;&#x9E8; &#x9B8;&#x9C7;&#x9AE;&#x9BF;.&#x964;</subfield>
  </datafield>
  <datafield tag="650" ind1=" " ind2=" ">
    <subfield code="a">Postmodernism.</subfield>
  </datafield>
  <datafield tag="942" ind1=" " ind2=" ">
    <subfield code="2">ddc</subfield>
    <subfield code="c">BK</subfield>
  </datafield>
  <datafield tag="952" ind1=" " ind2=" ">
    <subfield code="0">0</subfield>
    <subfield code="1">0</subfield>
    <subfield code="2">ddc</subfield>
    <subfield code="4">0</subfield>
    <subfield code="7">0</subfield>
    <subfield code="a">UAPCL</subfield>
    <subfield code="b">UAPCL</subfield>
    <subfield code="c">General Stacks</subfield>
    <subfield code="d">2020-11-15</subfield>
    <subfield code="o">149.97 EUS</subfield>
    <subfield code="p">3010006259</subfield>
    <subfield code="r">2020-11-15</subfield>
    <subfield code="t">1</subfield>
    <subfield code="w">2020-11-15</subfield>
    <subfield code="y">BK</subfield>
  </datafield>
</record>
